Caribee /

Saved in:
Bibliographic Details
Main Author: Strabel, Thelma
Format: Book
Language:English
Published: London : Allen, 1957.
LEADER 00698nam a2200205 a 4500
001 c000095442
003 CARM
005 00000000000000.0
008 941221s1957 enk 00011 eng d
019 1 |a 11325668  |5 LACONCORD2021 
035 |a (OCoLC)30248017  |5 LACONCORD2021 
040 |a VLINC  |c VLINC 
100 1 |a Strabel, Thelma. 
245 1 0 |a Caribee /  |c Thelma Strabel. 
260 |a London :  |b Allen,  |c 1957. 
300 |a 343 p. ;  |c 20 cm. 
852 8 |b CARM  |h A2:AB11h0  |i B02429  |p 0102165  |f BK 
082 0 4 |a 823.914  |2 20 
999 f f |i 9c682f58-b51c-51b4-88ef-12486901868b  |s 764283a4-c153-5952-bb1c-0f40e74f1a12 
952 f f |p Can circulate  |a CAVAL  |b CAVAL  |c CAVAL  |d CARM 1 Store  |e B02429  |f A2:AB11h0  |h Other scheme  |i book  |m 0102165